| 000 | 00000nam##2200000za#4500 |
| 001 | 9.648138 |
| 003 | CaOODSP |
| 005 | 20210615112941 |
| 007 | ta |
| 008 | 150407|2001||||xxc||||| f|0| 0 eng|d |
| 020 | |a0-660-18517-2 |
| 040 | |aCaOODSP|beng |
| 043 | |an-cn--- |
| 086 | 1 |aF2-156/2001E |
| 110 | 1 |aCanada.|bDepartment of Finance.|bMinister of Finance. |
| 245 | 10|aLegislative proposals relating to tobacco products : |bways and means motion and explanatory notes / |cPublished by the Honourable Paul Martin, P.C., M.P., Minister of Finance. |
| 260 | |aOttawa - Ontario : |bFinance Canada. |c2001. |
| 300 | |a92p. ; |c23 cm. |
| 563 | |aSoftcover |
| 590 | |a01-16|b2001-04-20 |
| 690 | 07|aTobacco industry|2gcpds |
| 690 | 07|aCustoms and excise|2gcpds |
| 690 | 07|aLegislation|2gcpds |
| 775 | 08|tPropositions législatives concernant les produits du tabac : |w(CaOODSP)9.681479 |
| 776 | 0#|tLegislative proposals relating to tobacco products : |w(CaOODSP)9.696460 |